000 00319nam a22001457a 4500
008 210607b ||||| |||| 00| 0 eng d
020 _a9780618106462
041 _aeng
080 _a510
082 _a510
100 _a38
101 _aMAT
245 _aAlgebra 1 Concepts and Skills
_cRon Larson
942 _2udc
_cBK
999 _c58026
_d58026